000 00454nam a22001817a 4500
003 MPLRDC
005 20220104113718.0
008 210129b ||||| |||| 00| 0 eng d
082 _a857.621 NK-33 v.72
100 _a倪匡
245 _a通神
_c
250 _a初版二刷
260 _a
_b风云时代出版股份有限
_c1992
300 _b
490 _a倪匡科幻袖珍系列. 72
650 _a科幻小说
942 _cBK
_o857.621 NK-33 v.72
999 _c1762
_d1752